| 000 | 00694nam a2200205 i 4500 | ||
|---|---|---|---|
| 001 | 49229 | ||
| 003 | ES-MaACL | ||
| 005 | 20250901062526.0 | ||
| 007 | t| | ||
| 008 | 030711s1958 sp ||||1| spa d | ||
| 100 | 1 |
_aCorte, Nicolás. _940833 |
|
| 245 | 1 | 0 |
_aSatán, el adversario / _cNicolás Corte ; [versión española de F. Condomines]. |
| 260 |
_aAndorra : _bCasal i Vall, _c[1958] |
||
| 300 |
_a149 p. ; _c19 cm. |
||
| 490 | 1 | _aYo sé, yo creo : enciclopedia del católico en el siglo XX | |
| 700 | 1 |
_aCondomines, F. _940144 |
|
| 830 | 0 | 0 |
_aYo sé, yo creo: enciclopedia del católico del siglo XX _9186579 |
| 852 |
_aES-MaACL _jC-14819 _bR.42603 |
||
| 999 |
_c49229 _d49229 |
||